FAO and IPGRI Technical Guidelines for Safe Movement of Germplasm; 1996; N.16 Stone fruits
Guardat en:
| Autor principal: | |
|---|---|
| Format: | Llibre |
| Idioma: | Undetermined |
| Publicat: |
Rome
FAO
1996
|
| Matèries: | |
| Etiquetes: |
Afegir etiqueta
Sense etiquetes, Sigues el primer a etiquetar aquest registre!
|
| Thư viện lưu trữ: | Trung tâm Học liệu Trường Đại học Cần Thơ |
|---|
| LEADER | 00555nam a2200193Ia 4500 | ||
|---|---|---|---|
| 001 | CTU_16886 | ||
| 008 | 210402s9999 xx 000 0 und d | ||
| 082 | |a 333.9534 | ||
| 082 | |b F218/1996/N16 | ||
| 100 | |a IPGRI | ||
| 245 | 0 | |a FAO and IPGRI Technical Guidelines for Safe Movement of Germplasm; 1996; N.16 | |
| 245 | 0 | |b Stone fruits | |
| 245 | 0 | |c IPGRI, FAO | |
| 260 | |a Rome | ||
| 260 | |b FAO | ||
| 260 | |c 1996 | ||
| 650 | |a plant genetics | ||
| 904 | |i Nguyễn Quang Điền, 970611 | ||
| 980 | |a Trung tâm Học liệu Trường Đại học Cần Thơ | ||